Urdu main Milad-un-Nabi (SAW) / (Record no. 187907)
[ view plain ]
| 000 -LEADER | |
|---|---|
| fixed length control field | 00434 a2200157 4500 |
| 003 - CONTROL NUMBER IDENTIFIER | |
| control field | Nust |
| 005 - DATE AND TIME OF LATEST TRANSACTION | |
| control field | 20230310120605.0 |
| 040 ## - CATALOGING SOURCE | |
| Transcribing agency | Nust |
| 082 ## - DEWEY DECIMAL CLASSIFICATION NUMBER | |
| Classification number | 297.63,SID |
| 100 ## - MAIN ENTRY--PERSONAL NAME | |
| Personal name | Siddiqui , Moud Muzaffar Alam Javid |
| 9 (RLIN) | 110144 |
| 245 ## - TITLE STATEMENT | |
| Title | Urdu main Milad-un-Nabi (SAW) / |
| Statement of responsibility, etc. | Mohammad Muzaffar Alam Javid Siddiqui |
| 260 ## - PUBLICATION, DISTRIBUTION, ETC. | |
| Place of publication, distribution, etc. | India |
| Name of publisher, distributor, etc. | Hadir Abad |
| 300 ## - PHYSICAL DESCRIPTION | |
| Extent | 919:p |
| 650 ## - SUBJECT ADDED ENTRY--TOPICAL TERM | |
| Topical term or geographic name entry element | Way Of Life (S.W) |
| 9 (RLIN) | 110145 |
| 942 ## - ADDED ENTRY ELEMENTS (KOHA) | |
| Source of classification or shelving scheme | |
| Koha item type | Book |
| Call number prefix | 297.63,SID |
| Withdrawn status | Lost status | Source of classification or shelving scheme | Damaged status | Not for loan | Permanent Location | Current Location | Shelving location | Date acquired | Full call number | Barcode | Date last seen | Price effective from | Koha item type | Public note |
|---|---|---|---|---|---|---|---|---|---|---|---|---|---|---|
| Military College of Signals (MCS) | Military College of Signals (MCS) | General Stacks | 12/12/2016 | 297.63,SID | MCS27346 | 12/08/2016 | 12/12/2016 | Book | Almirh No 64, Shelf No 4 |
